Diccionario de Lingüística / (Record no. 56321)

MARC details
000 -LEADER
campo de control de longitud fija 00775nam a2200229 i 4500
001 - NÚMERO DE CONTROL
campo de control 56321
003 - IDENTIFICADOR DE NÚMERO DE CONTROL
campo de control ES-MaACL
005 - FECHA Y HORA DE LA ÚLTIMA TRANSACCIÓN
campo de control 20250901040015.0
007 - CAMPO FIJO DE DESCRIPCIÓN FÍSICA--INFORMACIÓN GENERAL
campo de control de longitud fija t|
008 - DATOS DE LONGITUD FIJA--INFORMACIÓN GENERAL
campo de control de longitud fija 031007s1979 sp ||||1| spa d
245 00 - MENCIÓN DEL TÍTULO
Título Diccionario de Lingüística /
Mención de responsabilidad, etc. Jean Dubois ... [et al.] ; versión de Inés Ortega y Antonio Domínguez ; dirección y adaptación de Alicia Yllera.
260 ## - PUBLICACIÓN, DISTRIBUCIÓN, ETC.
Lugar de publicación, distribución, etc. [Madrid] :
Nombre del editor, distribuidor, etc. Alianza,
Fecha de publicación, distribución, etc. [1979]
300 ## - DESCRIPCIÓN FÍSICA
Extensión LXVIII, 636 p. ;
Dimensiones 24 cm.
490 1# - MENCIÓN DE SERIE
Mención de serie Alianza diccionarios
700 1# - ENTRADA AGREGADA--NOMBRE PERSONAL
Nombre de persona Ortega, Inés.
9 (RLIN) 87409
700 1# - ENTRADA AGREGADA--NOMBRE PERSONAL
Nombre de persona Domínguez, Antonio.
9 (RLIN) 45152
700 1# - ENTRADA AGREGADA--NOMBRE PERSONAL
Nombre de persona Yllera, Alicia.
9 (RLIN) 117643
700 1# - ENTRADA AGREGADA--NOMBRE PERSONAL
Nombre de persona Dubois, Jean,
Fechas asociadas al nombre 1920-2015
9 (RLIN) 150948
830 0# - PUNTO DE ACCESO ADICIONAL DE SERIE-TÍTULO UNIFORME
Título uniforme Alianza diccionarios
9 (RLIN) 177801
852 ## - LOCALIZACIÓN
Ubicación ES-MaACL
Número de control de estantería C-21150
Sublocalización o colección R.99572
Holdings
Estatus retirado Estado de pérdida Estado de daño No para préstamo Colección Biblioteca de origen Biblioteca actual Ubicación en estantería Fecha de adquisición Fuente de adquisición Total de préstamos Signatura topográfica completa Código de barras Visto por última vez Precio de reemplazo Tipo de ítem Koha
        Colección de referencia Biblioteca del Ateneo de Madrid Biblioteca del Ateneo de Madrid Galería 17/01/2008     C-21150 1059156 23/02/2023 23/02/2023 Libro impreso